000 01109nam a2200229 i 4500
001 153686
003 ES-MaACL
005 20230906205336.0
008 931025s1775 sp |||| | spa d
100 1 _aEscribano, José Matías.
_9126956
245 1 0 _aItinerario español, ó Guia de caminos, para ir desde Madrid a todas las ciudades, y villas mas principales de España : by para ir de unas ciudades á otras y á algunas Cortes de Europa /
_cañadido y corregido en esta tercera impresion por Josef Matías Escribano...
260 _aEn Madrid :
_bEn la Imprenta de Miguel Escribano,
_c1775.
300 _a[8], 148, [36] p. ;
_c12º.
530 _aDisponible en formato digital.
597 _aSign.: calderón]4, A-G1, H8.
650 4 _aCarreteras-
_zEspaña.
_9156236
650 4 _aCaminos-
_zEspaña.
_910701
651 4 _aEspaña-
_xDescripción-
_yS.XVIII.
_98186
700 1 _aEscribano, Miguel.
_9126957
852 4 _x
_aBA
_jR-2294
_z- Enc. piel en estuche rígido de tela. Olim: F-704
856 4 _uhttp://bdh-rd.bne.es/viewer.vm?id=0000000228&page=1
_zBiblioteca Digital Hispánica
999 _c153686
_d153686